Aquaculture, 109

Tallennettuna:
Bibliografiset tiedot
Aineistotyyppi: Kirja
Kieli:Undetermined
Julkaistu: United States Elsevier Science Publishers B.V. 1993
Aiheet:
Tagit: Lisää tagi
Ei tageja, Lisää ensimmäinen tagi!
Thư viện lưu trữ: Trung tâm Học liệu Trường Đại học Cần Thơ
LEADER 00418nam a2200157Ia 4500
001 CTU_149963
008 210402s9999 xx 000 0 und d
082 |a 639.6 
082 |b A656 
245 0 |a Aquaculture, 109 
260 |a United States 
260 |b Elsevier Science Publishers B.V. 
260 |c 1993 
650 |a Aquaculture,Shrimp 
904 |i Năm 
980 |a Trung tâm Học liệu Trường Đại học Cần Thơ